Avances de investigación agrícola en zonas de riego y temporal (Registro nro. 19459)

Detalles MARC
000 -CABECERA
Campo de control 00875nas a2200217 a 4500
005 - FECHA Y HORA DE LA ULTIMA TRANSACCION
Campo de control 20170404150749.0
008 - ELEMENTOS DE LONGITUD FIJA—INFORMACION GENERAL
Campo de control 170404s1973 mx au|p|r|||| 00| 0 spa d
040 ## - FUENTE DE CATALOGACIÓN
Agencia catalogadora original CO-BoIAVH
Agencia transcriptora CO-BoIAVH
041 0# - IDIOMA
Código de idioma para texto/pista de sonido o título separado Español
044 ## - PAÍS DE PUBLICACIÓN
País de publicación México
090 ## - CLASIFICACIÓN LOCAL
Colección SE-
245 00 - MENCION DE TITULO
Título Avances de investigación agrícola en zonas de riego y temporal
260 ## - PUBLICACION, DISTRIBUCION, ETC. (PIE DE IMPRENTA)
Lugar de publicación, distribución, etc. México D.F. :
Nombre del editor, distribuidor, etc. Secretaria de Agricultura y Recursos Hidráulicos,
Fecha de publicación, distribución, etc. 1973-.
300 ## - DESCRIPCION FISICA
Otros detalles físicos ilustraciones, tablas y gráficas ;
Dimensiones 28 x 21 cm.
310 ## - FRECUENCIA ACTUAL DE LA PUBLICACIÓN
Frecuencia actual de la publicación Anual
650 26 - ASIENTO SECUNDARIO DE MATERIA - TERMINO TEMATICO
Término temático o nombre geográfico como elemento de entrada Agricultura
Subdivisión geográfica México
Subdivisión de forma Publicaciones periódicas
9 (RLIN) 80900
650 26 - ASIENTO SECUNDARIO DE MATERIA - TERMINO TEMATICO
Término temático o nombre geográfico como elemento de entrada Fruticultura
Subdivisión geográfica México
Subdivisión de forma Publicaciones periódicas
9 (RLIN) 80901
650 26 - ASIENTO SECUNDARIO DE MATERIA - TERMINO TEMATICO
Término temático o nombre geográfico como elemento de entrada Estructura agraria
Subdivisión geográfica México
Subdivisión de forma Publicaciones periódicas
9 (RLIN) 80902
710 1# - ASIENTO SECUNDARIO - NOMBRE CORPORATIVO
Nombre corporativo o de jurisdicción como elemento de entrada México
Unidad subordinada Instituto Nacional de Investigaciones Agrícolas
-- Secretaría de Agricultura y Recursos Hidráulicos
9 (RLIN) 80903
942 ## - ELEMENTOS ADICIONALES (KOHA)
Sistema de clasificación Local
Tipo de ítem Periodica o revista
Serial record 1
Existencias
Withdrawn status Lost status Sistema de Clasificación Damaged status No para préstamo Colección Fecha publicación (Año) Volumen revista Ubicación Permanente Ubicación actual Fecha de adquisición Datos de publicación Seriada Total Checkouts Número topográfico Inventario / Código de Barras Date last seen Ejemplar Price effective from Forma de adquisición Tipo de material
    Local     Hemeroteca 1985 10 Sala Fabio Quevedo Sala Fabio Quevedo 04/04/2017 Volumen 10   SE 035338 04/04/2017 Ej. 1 04/04/2017 Donación Periodica o revista
    Local     Hemeroteca 1983 8 Sala Fabio Quevedo Sala Fabio Quevedo 04/04/2017 Volumen 8   SE 035336 04/04/2017 Ej. 1 04/04/2017 Donación Periodica o revista
    Local     Hemeroteca 1981 6 Sala Fabio Quevedo Sala Fabio Quevedo 04/04/2017 Volumen 6   SE 035334 04/04/2017 Ej. 1 04/04/2017 Donación Periodica o revista
    Local     Hemeroteca 1984 9 Sala Fabio Quevedo Sala Fabio Quevedo 04/04/2017 Volumen 9   SE 035337 04/04/2017 Ej. 1 04/04/2017 Donación Periodica o revista
    Local     Hemeroteca 1982 7 Sala Fabio Quevedo Sala Fabio Quevedo 04/04/2017 Volumen 7   SE 035335 04/04/2017 Ej. 1 04/04/2017 Donación Periodica o revista